000 01976cam a2200325 a 4500
001 14264104
003 OSt
005 20230602121923.0
008 060213t20052004at 101 0 eng d
010 _a 2006365906
020 _a996608021
040 _aANL
_beng
_cDLC
_dDLC
042 _alccopycat
082 0 0 _a261.808828222
_222
_bPON
110 2 _aCatholic Church.
_bPontificium Consilium de Iustitia et Pace.
245 1 0 _aCompendium of the social doctrine of the Church /
_cPontifical Council for Justice and Peace.
250 _aEd. for Australia.
260 _aStrathfield, N.S.W. :
_bSt Pauls Publications,
_c2005, c2004.
300 _axx, 481 p. ;
_c24 cm.
500 _a"Libreria Editrice Vaticana".
500 _a"Edition for Australia, licensed by the Australian Catholic Bishops Conference"--T.p. verso.
500 _a"[The compendium] is designed to stand alongside the Catechism of the Catholic Church as an authoritative summary of the Church's teaching on what makes for human flourishing"--Back cover.
504 _aIncluded bibliographical footnote references and indexes.
505 0 _aIntroduction: An integral and soidary humanism -- Part 1. Chapter 1. God's plan of love for humanity -- 2. The Church's mission and social doctrine -- 3. The human person and human rights -- 4. Principles of the church's social doctrine -- Part 2. Chapter 5. The family, the vital cell of society -- 6. Human work -- 7. Economic life -- 8. Political community -- 9. The International community -- 10. Safeguarding the environment -- 11. The promotion of peace -- Part 3. Chapter 12. Social doctrine and the ecclesial action -- Conclusion: For a civilization of love.
610 2 0 _aCatholic Church
_xDoctrines.
650 0 _aChristian sociology
_xCatholic Church.
906 _a7
_bcbc
_ccopycat
_d2
_encip
_f20
_gy-gencatlg
942 _2ddc
_cBK
999 _c124
_d124